[Event "Edmonton int."]
[Site "Edmonton CAN"]
[Date "2011.07.30"]
[Round "6"]
[White "Pechenkin, Vladimir"]
[Black "Porper, Edward"]
[Result "1/2-1/2"]
[WhiteElo "2297"]
[BlackElo "2444"]
[PlyCount "130"]
[EventDate "2011.07.24"]
[EventType "tourn"]
[EventRounds "9"]
[EventCountry "CAN"]
[EventCategory "4"]

1. c4 e6 2. g3 d5 3. Bg2 c6 4. Nf3 dxc4 5. O-O Nf6 6. a4 Na6 7. Na3 Bxa3 8.
Rxa3 Nb4 9. a5 O-O 10. b3 cxb3 11. Qxb3 Na6 12. d4 Qd5 13. Qb2 Qb5 14. Qxb5
cxb5 15. Rb3 Nc7 16. Ba3 Rd8 17. Rc1 Ncd5 18. Rxb5 b6 19. Ne5 Ba6 20. Rb2 bxa5
21. Nc6 Re8 22. Rc5 Rac8 23. Rbc2 h6 24. Bf3 Kh7 25. Nxa5 Nd7 26. Rxc8 Rxc8 27.
Rxc8 Bxc8 28. Nc6 a6 29. Be4+ g6 30. Bd3 Nc3 31. Bb4 Nb5 32. e4 Nf6 33. f3 Kg7
34. Kf2 Bb7 35. Na5 Ba8 36. Ke3 Nd7 37. Be7 Nb6 38. Bc2 Nc8 39. Bc5 h5 40. Bb3
Kf6 41. Nc4 Bc6 42. Nb6 Nxb6 43. Bxb6 Ke7 44. h4 Nd6 45. Kf4 Bb5 46. g4 Be2 47.
e5 Nc4 48. Bc5+ Kd8 49. gxh5 gxh5 50. Bxc4 Bxc4 51. Kg5 Be2 52. Kxh5 Bxf3+ 53.
Kg5 Ke8 54. h5 f5 55. Kf6 Bxh5 56. Kxe6 f4 57. d5 Be2 58. Kd6 f3 59. e6 a5 60.
Ke5 a4 61. d6 Bb5 62. Kf4 Bc6 63. Ke3 a3 64. d7+ Bxd7 65. exd7+ Kxd7 1/2-1/2

[Event "Edmonton int."]
[Site "Edmonton CAN"]
[Date "2011.07.31"]
[Round "7"]
[White "Porper, Edward"]
[Black "Haessel, Dale"]
[Result "1/2-1/2"]
[WhiteElo "2444"]
[BlackElo "2211"]
[PlyCount "124"]
[EventDate "2011.07.24"]
[EventType "tourn"]
[EventRounds "9"]
[EventCountry "CAN"]
[EventCategory "4"]

1. d4 Nf6 2. c4 g6 3. Nc3 d5 4. e3 Bg7 5. cxd5 Nxd5 6. Nxd5 Qxd5 7. Ne2 O-O 8.
Nc3 Qa5 9. Bd2 Rd8 10. Bc4 Qg5 11. O-O c6 12. Ne4 Qg4 13. Qxg4 Bxg4 14. Ng5 Rf8
15. h3 Bc8 16. Bb4 h6 17. Nf3 Re8 18. a4 a5 19. Bc3 Nd7 20. Rfd1 Nb6 21. Bb3
Bf5 22. Ne5 Nd5 23. Be1 Bxe5 24. dxe5 Nb4 25. Bxb4 axb4 26. f3 Red8 27. e4 Be6
28. Bxe6 fxe6 29. b3 Kf7 30. Kf2 Rxd1 31. Rxd1 Ra5 32. Rd4 c5 33. Rd2 b5 34.
axb5 Rxb5 35. Ra2 Rb8 36. Ke3 Rd8 37. Ke2 Ke8 38. Ra6 Kf7 39. Ra5 c4 40. bxc4
Rd4 41. c5 b3 42. Rb5 Rc4 43. Kd3 Rc2 44. f4 h5 45. Rxb3 Rxc5 46. Ke3 Rc1 47.
Kf2 Ra1 48. g4 hxg4 49. hxg4 Rh1 50. Re3 Ra1 51. Kg3 Rf1 52. Re2 Kg7 53. Rb2
Kf7 54. Rb6 Rh1 55. Rb2 Rf1 56. Rf2 Rh1 57. f5 exf5 58. exf5 gxf5 59. gxf5 Ra1
60. Kf4 Re1 61. Rg2 Rf1+ 62. Kg5 e6 1/2-1/2

[Event "Edmonton int."]
[Site "Edmonton CAN"]
[Date "2011.08.01"]
[Round "8"]
[White "Gardner, Robert"]
[Black "Porper, Edward"]
[Result "0-1"]
[WhiteElo "2188"]
[BlackElo "2444"]
[PlyCount "136"]
[EventDate "2011.07.24"]
[EventType "tourn"]
[EventRounds "9"]
[EventCountry "CAN"]
[EventCategory "4"]
[TimeControl "5400"]

1. d4 d5 2. c4 c6 3. Nf3 Nf6 4. Nc3 a6 5. c5 Bf5 6. Bf4 Nbd7 7. e3 e6 8. Qb3
Qc8 9. h3 h6 10. Be2 Be7 11. O-O O-O 12. Ne5 Bd8 13. f3 Bc7 14. Nxd7 Nxd7 15.
Bxc7 Qxc7 16. e4 Bg6 17. Qd1 dxe4 18. Nxe4 Bxe4 19. fxe4 e5 20. b4 exd4 21.
Qxd4 Ne5 22. Rf5 Rfe8 23. Raf1 Rad8 24. Qc3 f6 25. Qg3 Kh7 26. Bg4 Qe7 27. Rxe5
Qxe5 28. Bf5+ Kg8 29. Qg6 Qd4+ 30. Kh2 Qc4 31. Rf3 Re7 32. e5 Rxe5 33. Bc2 Qf7
34. Qh7+ Kf8 35. Bb3 Red5 36. Re3 a5 37. a3 a4 38. Bc4 Qc7+ 39. Rg3 Qf7 40. Re3
Qc7+ 41. g3 Qf7 42. Re2 Qg8 43. Qc2 Qf7 44. Qh7 Qg8 45. Qe4 Re5 46. Qxe5 fxe5
47. Bxg8 Kxg8 48. Rxe5 Rd2+ 49. Kg1 Rd3 50. Kf2 Kf7 51. Re3 Rd2+ 52. Kf3 Kf6
53. Kf4 g5+ 54. Kg4 Rb2 55. Re8 Rb3 56. h4 Rxa3 57. hxg5+ hxg5 58. Rb8 Rb3 59.
Rxb7 Ke5 60. Rb6 Kd5 61. Kxg5 Rxg3+ 62. Kf6 Re3 63. Kf7 a3 64. Ra6 Kc4 65. Rxc6
Kxb4 66. Rc8 a2 67. Rb8+ Kxc5 68. Ra8 Re2 0-1

[Event "Edmonton int."]
[Site "Edmonton CAN"]
[Date "2011.08.01"]
[Round "9"]
[White "Porper, Edward"]
[Black "Benjamin, Joel"]
[Result "1/2-1/2"]
[WhiteElo "2444"]
[BlackElo "2553"]
[PlyCount "66"]
[EventDate "2011.07.24"]
[EventType "tourn"]
[EventRounds "9"]
[EventCountry "CAN"]
[EventCategory "4"]
[TimeControl "5400"]

1. d4 Nf6 2. c4 e6 3. Nf3 Bb4+ 4. Bd2 a5 5. g3 d6 6. Bg2 Nbd7 7. O-O e5 8. e3
c6 9. Bxb4 axb4 10. Qd2 c5 11. dxc5 dxc5 12. Qc2 O-O 13. Nbd2 Qe7 14. a3 bxa3
15. Rxa3 Rxa3 16. bxa3 b6 17. Ng5 h6 18. Nge4 Bb7 19. Rb1 Nxe4 20. Bxe4 Bxe4
21. Qxe4 Nf6 22. Qc6 Rd8 23. Ne4 Nxe4 24. Qxe4 Qe6 25. a4 g6 26. Kg2 Rd2 27. a5
bxa5 28. Rb5 a4 29. Rxc5 Qf6 30. Qf3 Kg7 31. Ra5 Ra2 32. c5 a3 33. c6 Rc2
1/2-1/2

[Event "San Bernardino op"]
[Site "San Bernandino SUI"]
[Date "2011.06.29"]
[Round "1.3"]
[White "Porper, Edward"]
[Black "Borin, Fabio"]
[Result "1-0"]
[WhiteElo "2446"]
[BlackElo "2114"]
[PlyCount "63"]
[EventDate "2011.06.29"]
[EventType "swiss"]
[EventRounds "5"]
[EventCountry "SUI"]
[Source "Mark Crowther"]
[SourceDate "2011.07.12"]

1. d4 d6 2. Nf3 Nf6 3. c4 Nbd7 4. Nc3 e5 5. e4 Be7 6. Be2 O-O 7. O-O exd4 8.
Nxd4 Nc5 9. f3 a5 10. Be3 Re8 11. Qd2 c6 12. Rad1 Qc7 13. b3 Bd7 14. g4 h6 15.
Kh1 Rad8 16. Rg1 d5 17. cxd5 cxd5 18. e5 Nh7 19. f4 Ne4 20. Nxe4 dxe4 21. Rc1
Qb6 22. Qc2 Ba3 23. Nf5 Qg6 24. Rcd1 Bc6 25. Rxd8 Rxd8 26. Rd1 Rxd1+ 27. Qxd1
Nf8 28. Nd6 Bxd6 29. f5 Bc5 30. fxg6 Bxe3 31. gxf7+ Kxf7 32. Bc4+ 1-0

[Event "San Bernardino op"]
[Site "San Bernandino SUI"]
[Date "2011.07.01"]
[Round "3.2"]
[White "Porper, Edward"]
[Black "Salvetti, Alec"]
[Result "1-0"]
[WhiteElo "2446"]
[BlackElo "2266"]
[PlyCount "45"]
[EventDate "2011.06.29"]
[EventType "swiss"]
[EventRounds "5"]
[EventCountry "SUI"]
[Source "Mark Crowther"]
[SourceDate "2011.07.12"]

1. d4 d5 2. c4 dxc4 3. Nf3 a6 4. e3 b5 5. a4 Bb7 6. b3 e6 7. axb5 axb5 8. Rxa8
Bxa8 9. bxc4 bxc4 10. Bxc4 Nf6 11. Qa4+ Bc6 12. Qb3 Bxf3 13. gxf3 Be7 14. O-O
O-O 15. Rd1 Qc8 16. Nc3 c5 17. d5 exd5 18. Nxd5 Nxd5 19. Rxd5 Nc6 20. Bb2 Rd8
21. Rh5 Rf8 22. Qc2 g6 23. Qxg6+ 1-0

[Event "San Bernardino op"]
[Site "San Bernandino SUI"]
[Date "2011.07.01"]
[Round "4.1"]
[White "Gaponenko, Inna"]
[Black "Porper, Edward"]
[Result "1/2-1/2"]
[WhiteElo "2455"]
[BlackElo "2446"]
[PlyCount "36"]
[EventDate "2011.06.29"]
[EventType "swiss"]
[EventRounds "5"]
[EventCountry "SUI"]
[Source "Mark Crowther"]
[SourceDate "2011.07.12"]

1. e4 Nf6 2. e5 Nd5 3. d4 d6 4. Nf3 Nc6 5. c4 Nb6 6. e6 fxe6 7. Nc3 e5 8. d5
Nd4 9. Nxd4 exd4 10. Qxd4 e5 11. dxe6 Bxe6 12. Be3 Qf6 13. Qxf6 gxf6 14. b3
O-O-O 15. O-O-O Rg8 16. g3 c6 17. Bg2 Bf5 18. Be4 Bxe4 1/2-1/2

[Event "San Bernardino op"]
[Site "San Bernandino SUI"]
[Date "2011.07.02"]
[Round "5.1"]
[White "Meijers, Viesturs"]
[Black "Porper, Edward"]
[Result "0-1"]
[WhiteElo "2473"]
[BlackElo "2446"]
[PlyCount "134"]
[EventDate "2011.06.29"]
[EventType "swiss"]
[EventRounds "5"]
[EventCountry "SUI"]
[Source "Mark Crowther"]
[SourceDate "2011.07.12"]

1. Nf3 d5 2. b3 c5 3. e3 Nc6 4. Bb2 a6 5. c4 d4 6. exd4 cxd4 7. b4 Bg4 8. h3
Bxf3 9. Qxf3 Nxb4 10. Qb3 e5 11. a3 Nc6 12. Qxb7 Na5 13. Qe4 Ra7 14. Be2 Re7
15. O-O Nf6 16. Qc2 Qb6 17. Qa4+ Rd7 18. Nc3 Nb3 19. Rab1 Nc5 20. Qd1 dxc3 21.
Bxc3 Qc7 22. Bg4 Nxg4 23. Qxg4 h5 24. Qf5 Nd3 25. Rfe1 Nxe1 26. Bxe5 Bd6 27.
Bxg7 Rg8 28. Qh7 Rxg7 29. Rxe1+ Re7 30. Qh8+ Kd7 31. Rxe7+ Kxe7 32. Qxg7 Qxc4
33. Qg5+ Kd7 34. g3 Qc5 35. Qf6 Qd5 36. a4 a5 37. h4 Bc5 38. d3 Bd4 39. Qf4 Ke6
40. Qh6+ Ke7 41. Qf4 Kf8 42. Qh6+ Kg8 43. Qf4 Kg7 44. Kh2 Bf6 45. Qe3 Qd4 46.
Qf3 Kg6 47. Kg2 Qxa4 48. Qd5 Qb4 49. d4 a4 50. g4 Qxd4 51. gxh5+ Kg7 52. h6+
Kxh6 53. Qxf7 Bxh4 54. Qe6+ Kg7 55. Kh3 Bf6 56. Qa6 Qb4 57. Qa7+ Be7 58. f4 a3
59. Kg4 Qd6 60. Qb7 Qe6+ 61. f5 Qe2+ 62. Kf4 a2 63. Qa7 Kf7 64. f6 Kxf6 65.
Qd4+ Kf7 66. Qd5+ Qe6 67. Qh5+ Kg7 0-1

[Event "Pula op"]
[Site "Pula CRO"]
[Date "2011.06.18"]
[Round "1.15"]
[White "Porper, Edward"]
[Black "Karkovic, Mate"]
[Result "1-0"]
[WhiteElo "2446"]
[BlackElo "1991"]
[PlyCount "47"]
[EventDate "2011.06.18"]
[EventType "swiss"]
[EventRounds "9"]
[EventCountry "CRO"]
[Source "Mark Crowther"]
[SourceDate "2011.06.20"]

1. d4 Nf6 2. c4 g6 3. Nc3 Bg7 4. e4 d6 5. Be2 O-O 6. Nf3 e5 7. d5 Nbd7 8. Be3
Ng4 9. Bg5 f6 10. Bh4 h5 11. Nd2 Nc5 12. b4 Na6 13. a3 Nh6 14. f3 c5 15. dxc6
bxc6 16. Nb3 Qc7 17. b5 Nc5 18. Nxc5 dxc5 19. bxc6 Be6 20. Nd5 Qa5+ 21. Qd2
Qxd2+ 22. Kxd2 Rfd8 23. Kc2 Rd6 24. Rab1 1-0

[Event "Pula op"]
[Site "Pula CRO"]
[Date "2011.06.19"]
[Round "2.13"]
[White "Wegerer, Fred"]
[Black "Porper, Edward"]
[Result "1/2-1/2"]
[WhiteElo "2152"]
[BlackElo "2446"]
[PlyCount "168"]
[EventDate "2011.06.18"]
[EventType "swiss"]
[EventRounds "9"]
[EventCountry "CRO"]
[Source "Mark Crowther"]
[SourceDate "2011.06.20"]

1. Nf3 d5 2. e3 Nf6 3. b3 Bf5 4. Ba3 g6 5. d4 Bg7 6. Bd3 Ne4 7. O-O O-O 8. c4
c6 9. Qc2 Re8 10. Rd1 Nd7 11. Bb2 e6 12. h3 Qf6 13. Nh2 Nd6 14. Nd2 Bxd3 15.
Qxd3 Qf5 16. Qxf5 gxf5 17. Rac1 Ne4 18. Nhf3 Nxd2 19. Rxd2 Nf6 20. Rdc2 a5 21.
a4 Bf8 22. Ne5 Bd6 23. Nd3 Re7 24. f3 h5 25. Kf2 h4 26. Ne5 Kh7 27. Rg1 Nh5 28.
f4 Rc7 29. Nf3 Be7 30. cxd5 exd5 31. Bc3 Ng3 32. Be1 Kh6 33. Ne5 f6 34. Nd3 Kh5
35. Kf3 Ne4 36. g4+ hxg3 37. Bxg3 Bf8 38. Be1 Rg7 39. Rxg7 Bxg7 40. Nc5 Ra7 41.
Ne6 Kh6 42. Rg2 b6 43. Rc2 c5 44. dxc5 bxc5 45. Ke2 Rb7 46. Bxa5 Rxb3 47. Nxc5
Nxc5 48. Rxc5 Ra3 49. Rxd5 Rxa4 50. Rxf5 Kg6 51. Rb5 Bf8 52. Bc3 Be7 53. Kf3
Ra2 54. Bd4 f5 55. Rb6+ Kf7 56. Rb7 Ke6 57. Rb6+ Kf7 58. Rb5 Kg6 59. Rb7 Bh4
60. Rb2 Ra4 61. Rb6+ Kh7 62. Bf6 Be1 63. Bd4 Bh4 64. Bf6 Be1 65. Rb1 Bb4 66.
Bd4 Kh6 67. Rg1 Be7 68. Rc1 Kg6 69. Rc7 Bh4 70. Rg7+ Kh6 71. Rg8 Be7 72. h4 Ra6
73. Rh8+ Kg6 74. h5+ Kf7 75. Rh7+ Kf8 76. h6 Bf6 77. Bc5+ Kg8 78. Rb7 Bc3 79.
h7+ Kh8 80. Rd7 Rh6 81. Bd4+ Bxd4 82. exd4 Rh3+ 83. Ke2 Re3+ 84. Kd2 Rd3+
1/2-1/2

[Event "Pula op"]
[Site "Pula CRO"]
[Date "2011.06.21"]
[Round "4.18"]
[White "Dugandzic, Boris"]
[Black "Porper, Edward"]
[Result "1/2-1/2"]
[WhiteElo "2234"]
[BlackElo "2446"]
[PlyCount "64"]
[EventDate "2011.06.18"]
[EventType "swiss"]
[EventRounds "9"]
[EventCountry "CRO"]
[Source "Mark Crowther"]
[SourceDate "2011.06.27"]

1. Nf3 Nf6 2. g3 d5 3. Bg2 Bg4 4. O-O Nbd7 5. c4 e6 6. b3 Bd6 7. d4 c6 8. Ba3
Bxa3 9. Nxa3 O-O 10. Nc2 Qe7 11. Ne3 Bh5 12. Qd2 Ne4 13. Qb2 f5 14. Nd1 f4 15.
Nc3 Ng5 16. Nxg5 Qxg5 17. Qd2 Rf5 18. e4 fxg3 19. Qxg5 gxf2+ 20. Rxf2 Rxg5 21.
exd5 exd5 22. cxd5 Nf6 23. dxc6 bxc6 24. Re1 Re8 25. Rxe8+ Bxe8 26. Re2 Bf7 27.
Kf2 c5 28. dxc5 Rxc5 29. Ne4 Rf5+ 30. Kg1 Nxe4 31. Bxe4 Rf6 32. Rc2 Re6 1/2-1/2

[Event "Pula op"]
[Site "Pula CRO"]
[Date "2011.06.23"]
[Round "7.23"]
[White "De Val, Daniele"]
[Black "Porper, Edward"]
[Result "0-1"]
[WhiteElo "2212"]
[BlackElo "2446"]
[PlyCount "52"]
[EventDate "2011.06.18"]
[EventType "swiss"]
[EventRounds "9"]
[EventCountry "CRO"]
[Source "Mark Crowther"]
[SourceDate "2011.06.27"]

1. d4 Nf6 2. Bg5 e6 3. Nd2 c5 4. e3 b6 5. Ngf3 Bb7 6. Bd3 Be7 7. c3 Nc6 8. Bxf6
Bxf6 9. Qe2 Qc8 10. h4 h6 11. g4 Qc7 12. dxc5 bxc5 13. O-O-O O-O-O 14. Ba6 d5
15. g5 Be7 16. e4 d4 17. cxd4 Nxd4 18. Nxd4 Rxd4 19. Nf3 Ra4 20. Bxb7+ Qxb7 21.
Rhe1 Rxa2 22. Kb1 Qb3 23. Qd2 Rd8 24. Qc3 Rxd1+ 25. Rxd1 Rxb2+ 26. Qxb2 Qxd1+
0-1

[Event "Pula op"]
[Site "Pula CRO"]
[Date "2011.06.24"]
[Round "8.12"]
[White "Fucak, Emilijo"]
[Black "Porper, Edward"]
[Result "0-1"]
[WhiteElo "2258"]
[BlackElo "2446"]
[PlyCount "58"]
[EventDate "2011.06.18"]
[EventType "swiss"]
[EventRounds "9"]
[EventCountry "CRO"]
[Source "Mark Crowther"]
[SourceDate "2011.06.27"]

1. c4 e5 2. Nc3 Nf6 3. g3 Nc6 4. Bg2 Bc5 5. d3 O-O 6. a3 a6 7. e3 Ba7 8. Nge2
Ne7 9. Ne4 Ne8 10. c5 d5 11. cxd6 Nxd6 12. Qc2 c6 13. Bd2 Ndf5 14. b4 Kh8 15.
Rd1 f6 16. O-O Qe8 17. Nc5 Qh5 18. Bc3 Nd5 19. Qd2 Nd6 20. d4 Bg4 21. f3 Bh3
22. g4 Qh6 23. Bxh3 Qxh3 24. dxe5 Nc4 25. exf6 Nxd2 26. fxg7+ Kg8 27. gxf8=Q+
Rxf8 28. Bxd2 Rxf3 29. Ng3 Rxg3+ 0-1

[Event "Pula op"]
[Site "Pula CRO"]
[Date "2011.06.25"]
[Round "9.10"]
[White "Porper, Edward"]
[Black "Hagesaether, Halvard"]
[Result "1-0"]
[WhiteElo "2446"]
[BlackElo "2276"]
[PlyCount "63"]
[EventDate "2011.06.18"]
[EventType "swiss"]
[EventRounds "9"]
[EventCountry "CRO"]
[Source "Mark Crowther"]
[SourceDate "2011.06.27"]

1. d4 Nf6 2. c4 e5 3. dxe5 Ne4 4. Nf3 Bb4+ 5. Bd2 Nxd2 6. Nbxd2 Nc6 7. a3 Bxd2+
8. Qxd2 Qe7 9. g3 Nxe5 10. Nxe5 Qxe5 11. Bg2 O-O 12. O-O d6 13. b4 Rb8 14. Rad1
Re8 15. e4 Bd7 16. Qd4 a6 17. Qxe5 Rxe5 18. f4 Ree8 19. c5 Bb5 20. Rf2 dxc5 21.
bxc5 Bc6 22. e5 Bxg2 23. Kxg2 Kf8 24. Kf3 Re6 25. Ke4 b6 26. cxb6 cxb6 27. Rc2
Re7 28. Rd6 a5 29. Rb2 b5 30. Ra6 a4 31. Rxa4 Reb7 32. Rab4 1-0

[Event "Calgary int."]
[Site "Calgary CAN"]
[Date "2011.05.20"]
[Round "2"]
[White "Porper, Edward"]
[Black "Kazmaier, Daniel"]
[Result "1-0"]
[WhiteElo "2446"]
[BlackElo "2137"]
[PlyCount "73"]
[EventDate "2011.05.19"]
[EventType "tourn"]
[EventRounds "9"]
[EventCountry "CAN"]
[EventCategory "4"]

1. d4 Nf6 2. c4 e6 3. Nf3 b6 4. g3 Bb7 5. Bg2 Bb4+ 6. Bd2 Qe7 7. O-O O-O 8. Bg5
h6 9. Bxf6 Qxf6 10. Qd3 g5 11. Nxg5 hxg5 12. Bxb7 Nc6 13. Bxa8 Rxa8 14. e3 Kg7
15. Qe4 Rh8 16. a3 Bd6 17. Nd2 Qh6 18. Qg2 g4 19. f4 gxf3 20. Rxf3 f5 21. Qf2
Kf7 22. b4 Ke8 23. c5 Be7 24. cxb6 cxb6 25. Rc1 a6 26. Rc2 Bf6 27. Nc4 b5 28.
Na5 Ne7 29. Nb7 Nd5 30. e4 fxe4 31. Nd6+ Ke7 32. Nxe4 Qg6 33. Nxf6 Nxf6 34. d5
e5 35. Qc5+ d6 36. Rxf6 Qxf6 37. Qa7+ 1-0

[Event "Calgary int."]
[Site "Calgary CAN"]
[Date "2011.05.21"]
[Round "4"]
[White "Porper, Edward"]
[Black "Sevillano, Enrico"]
[Result "1-0"]
[WhiteElo "2446"]
[BlackElo "2510"]
[PlyCount "97"]
[EventDate "2011.05.19"]
[EventType "tourn"]
[EventRounds "9"]
[EventCountry "CAN"]
[EventCategory "4"]

1. d4 d5 2. c4 e6 3. Nf3 c6 4. Nc3 Nf6 5. Bg5 dxc4 6. e4 b5 7. e5 h6 8. Bh4 g5
9. Nxg5 hxg5 10. Bxg5 Nbd7 11. g3 Qa5 12. exf6 b4 13. Ne4 Ba6 14. Be2 O-O-O 15.
O-O Qf5 16. f3 Nb6 17. Qe1 Rxd4 18. Be3 Rd7 19. Rc1 Kb7 20. Qf2 Rd5 21. Bxb6
axb6 22. Bxc4 Bxc4 23. Rxc4 c5 24. a4 Rd3 25. a5 Qd5 26. Rc2 b3 27. Rc3 Rxc3
28. Nxc3 Qd4 29. axb6 Qxf2+ 30. Rxf2 c4 31. Ne4 Kxb6 32. Kg2 Bb4 33. h4 Kc6 34.
Rf1 Kd5 35. Rd1+ Ke5 36. Kf2 Ba5 37. Nd6 Kxf6 38. Nxc4 Bb4 39. Ke2 Rc8 40. Rd4
e5 41. Re4 Rc5 42. Ne3 Ba5 43. Rc4 Rb5 44. Rc6+ Kg7 45. Kd3 Be1 46. h5 e4+ 47.
Kxe4 Rxh5 48. Nf5+ Kg8 49. Rb6 1-0

[Event "Calgary int."]
[Site "Calgary CAN"]
[Date "2011.05.21"]
[Round "5"]
[White "Haessel, Dale"]
[Black "Porper, Edward"]
[Result "1/2-1/2"]
[WhiteElo "2184"]
[BlackElo "2446"]
[PlyCount "113"]
[EventDate "2011.05.19"]
[EventType "tourn"]
[EventRounds "9"]
[EventCountry "CAN"]
[EventCategory "4"]

1. d4 d5 2. Nf3 c6 3. c4 Nf6 4. Nc3 a6 5. e3 b5 6. b3 Bg4 7. h3 Bxf3 8. gxf3
Nbd7 9. f4 e6 10. c5 Be7 11. Bd3 a5 12. Qc2 g6 13. Rg1 Nh5 14. a4 b4 15. Ne2
Bf6 16. Bb2 Ng7 17. O-O-O Nf5 18. Ng3 Bh4 19. Qe2 Nf6 20. Nf1 Nh5 21. Nd2 Bf6
22. Nf3 Nhg7 23. Ne5 Bxe5 24. fxe5 O-O 25. Kb1 Ra7 26. Bc1 f6 27. exf6 Qxf6 28.
f4 Ne8 29. Bd2 Rg7 30. Rg4 Qd8 31. Ka2 Nf6 32. Rgg1 Kf7 33. Be1 Rfg8 34. Qf3
Qc7 35. h4 h5 36. Bf2 Rd8 37. Rh1 Rd7 38. Kb2 Qd8 39. Bc2 Ng4 40. Ka2 Kg8 41.
Rd2 Rgf7 42. Qh3 Qf8 43. Rc1 Rd8 44. Bd1 Nfh6 45. Bg1 Rg7 46. Bc2 Qf6 47. Bf2
Qe7 48. Bd1 Rf8 49. Bg1 Rff7 50. Rg2 Nf6 51. Bc2 Nf5 52. Bf2 Qd8 53. Rh1 Qc8
54. Bd3 Ne4 55. Be1 Nf6 56. Bf2 Ne4 57. Be1 1/2-1/2

[Event "Calgary int."]
[Site "Calgary CAN"]
[Date "2011.05.22"]
[Round "6"]
[White "Porper, Edward"]
[Black "Neven, Knut"]
[Result "1-0"]
[WhiteElo "2446"]
[BlackElo "2155"]
[PlyCount "75"]
[EventDate "2011.05.19"]
[EventType "tourn"]
[EventRounds "9"]
[EventCountry "CAN"]
[EventCategory "4"]

1. d4 Nf6 2. c4 g6 3. Nc3 d5 4. e3 Bg7 5. cxd5 Nxd5 6. Nxd5 Qxd5 7. Ne2 O-O 8.
Nc3 Qd8 9. Be2 c5 10. d5 b6 11. O-O Bb7 12. e4 Nd7 13. Bg5 Nf6 14. Bc4 Ne8 15.
Re1 f6 16. Bf4 a6 17. a4 Nd6 18. Bf1 Bc8 19. Rb1 a5 20. Qd2 Ba6 21. Bxa6 Rxa6
22. h4 Ra7 23. Qe2 Qd7 24. Rbd1 Rb7 25. Rd3 Nf7 26. h5 g5 27. Bh2 Ne5 28. Bxe5
fxe5 29. Rg3 h6 30. Qb5 Qxb5 31. Nxb5 Rf6 32. Ree3 Bf8 33. Rgf3 Kf7 34. Rxf6+
exf6 35. Rf3 Rd7 36. Na3 Be7 37. Nc4 Bd8 38. Nxe5+ 1-0

[Event "Calgary int."]
[Site "Calgary CAN"]
[Date "2011.05.23"]
[Round "8"]
[White "Porper, Edward"]
[Black "Kraai, Jesse"]
[Result "1/2-1/2"]
[WhiteElo "2446"]
[BlackElo "2516"]
[PlyCount "102"]
[EventDate "2011.05.19"]
[EventType "tourn"]
[EventRounds "9"]
[EventCountry "CAN"]
[EventCategory "4"]

1. d4 Nf6 2. c4 e6 3. Nf3 c5 4. d5 exd5 5. cxd5 d6 6. Nc3 a6 7. h3 b5 8. a3 g6
9. e4 Bg7 10. Bd3 O-O 11. O-O Re8 12. Re1 Nbd7 13. Bf4 Qc7 14. Rc1 c4 15. Bb1
Bb7 16. b4 Rac8 17. Qd2 Nh5 18. Bh6 Ne5 19. Nh2 Bxh6 20. Qxh6 Qb6 21. Qe3 Qxe3
22. Rxe3 Nf6 23. Rd1 g5 24. Nf1 Rc7 25. Ng3 Bc8 26. Nge2 Nh5 27. Nd4 Nf4 28.
Nf5 Rd8 29. Kh2 Nfd3 30. f3 Nb2 31. Rf1 Na4 32. Nd4 Nxc3 33. Rxc3 Nd7 34. Bc2
Nb6 35. f4 gxf4 36. Rxf4 f5 37. Nxf5 Bxf5 38. Rxf5 Rf7 39. Rg3+ Kf8 40. Rgf3
Rxf5 41. Rxf5+ Kg7 42. Kg3 c3 43. Rf3 Rc8 44. Kf2 Nd7 45. Ke2 Ne5 46. Rf1 Nc4
47. Kd3 Nxa3 48. Ra1 Nxc2 49. Kxc2 Kf6 50. Rxa6 Ke5 51. Rc6 Rg8 1/2-1/2

[Event "Alberta Closed"]
[Site "Calgary CAN"]
[Date "2011.04.22"]
[Round "1"]
[White "Rekhson, Vladislav"]
[Black "Porper, Edward"]
[Result "0-1"]
[WhiteElo "2083"]
[BlackElo "2530"]
[PlyCount "60"]
[EventDate "2011.04.23"]
[EventType "tourn"]
[EventRounds "5"]
[EventCountry "CAN"]

1. e4 c5 2. Nf3 Nc6 3. d4 cxd4 4. Nxd4 Qc7 5. Nc3 e6 6. Be3 a6 7. Qd2 Nf6 8. f3
Ne5 9. O-O-O Nc4 10. Bxc4 Qxc4 11. Kb1 Bb4 12. Nde2 O-O 13. Bg5 Ne8 14. a3 Bd6
15. e5 Bxe5 16. Be7 d5 17. Bxf8 Kxf8 18. Qd3 Qxd3 19. Rxd3 b5 20. Nd4 Bd7 21.
g3 Nd6 22. Re1 Bf6 23. Nb3 Nc4 24. Nd1 a5 25. Nd2 Bc6 26. Nxc4 bxc4 27. Rd2 d4
28. f4 Rb8 29. Kc1 Bf3 30. c3 e5 0-1

[Event "Alberta Closed"]
[Site "Calgary CAN"]
[Date "2011.04.23"]
[Round "2"]
[White "Haynes, Nicolas"]
[Black "Porper, Edward"]
[Result "0-1"]
[WhiteElo "2311"]
[BlackElo "2530"]
[PlyCount "94"]
[EventDate "2011.04.23"]
[EventType "tourn"]
[EventRounds "5"]
[EventCountry "CAN"]

1. c4 c6 2. d4 d5 3. Nf3 Nf6 4. Qd3 dxc4 5. Qxc4 Bf5 6. g3 e6 7. Bg2 Be7 8. O-O
O-O 9. Nbd2 Nbd7 10. e3 Ne4 11. Ne1 Ndf6 12. f3 Nxd2 13. Bxd2 e5 14. g4 Be6 15.
Qd3 exd4 16. exd4 c5 17. g5 Ne8 18. f4 Qxd4+ 19. Qxd4 cxd4 20. b3 Nd6 21. Bb4
Nf5 22. Bxe7 Nxe7 23. Rd1 Rad8 24. Bxb7 Rd7 25. Be4 Bf5 26. Bf3 Ng6 27. Bh5 Re8
28. Bxg6 hxg6 29. Nf3 Re4 30. Ne5 Rd6 31. Rd2 f6 32. Nc4 Rd7 33. gxf6 gxf6 34.
Nb2 Kf7 35. Nd3 Re3 36. Nc5 Rd5 37. b4 d3 38. Rfd1 Rd4 39. Kf2 Rh3 40. Kg2 Ke7
41. Re1+ Kf7 42. Ne4 Rh8 43. Ng3 Be6 44. Rc1 Bd5+ 45. Kg1 Bc4 46. Rf1 f5 47. a3
Rh4 0-1

[Event "Alberta Closed"]
[Site "Calgary CAN"]
[Date "2011.04.24"]
[Round "5"]
[White "Porper, Edward"]
[Black "Haessel, Dale"]
[Result "1-0"]
[WhiteElo "2530"]
[BlackElo "2255"]
[PlyCount "69"]
[EventDate "2011.04.23"]
[EventType "tourn"]
[EventRounds "5"]
[EventCountry "CAN"]

1. d4 Nf6 2. c4 g6 3. Nc3 d5 4. cxd5 Nxd5 5. e4 Nxc3 6. bxc3 Bg7 7. Bc4 c5 8.
Ne2 Nc6 9. Be3 O-O 10. O-O Na5 11. Bd3 b6 12. Rc1 e5 13. dxc5 Be6 14. c4 bxc5
15. Bxc5 Bh6 16. Rc2 Re8 17. Nc3 Nxc4 18. Qe2 Rc8 19. Bxc4 Rxc5 20. Bxe6 Rxe6
21. Nd5 Qc8 22. Rxc5 Qxc5 23. h3 Bf8 24. Rb1 Qc8 25. Kh2 Rc6 26. Qb2 Bd6 27.
Qd2 Bc5 28. Qg5 Qe6 29. Rb8+ Kg7 30. Qd8 Kh6 31. Qh8 Bxf2 32. Qf8+ Kg5 33. Re8
Qd7 34. Re7 Bc5 35. h4+ 1-0

[Event "Edmonton ch"]
[Site "Edmonton CAN"]
[Date "2011.01.06"]
[Round "1.1"]
[White "Porper, Edward"]
[Black "Sponga, George"]
[Result "1-0"]
[WhiteElo "2517"]
[BlackElo "1762"]
[PlyCount "89"]
[EventDate "2011.01.06"]
[EventType "k.o."]
[EventCountry "CAN"]

1. d4 g6 2. c4 Bg7 3. Nf3 c6 4. e4 d6 5. h3 Nd7 6. Nc3 a6 7. a4 Qc7 8. Be3 Rb8
9. Be2 e6 10. Qd2 Ne7 11. Bh6 O-O 12. h4 Nf6 13. Qg5 Nh5 14. Bxg7 Kxg7 15. g4
h6 16. Qd2 Nf6 17. g5 Ng4 18. Ng1 f5 19. f3 h5 20. fxg4 fxg4 21. O-O-O d5 22.
Qe3 b5 23. c5 b4 24. Nb1 a5 25. Bd3 Bd7 26. Nd2 Rf7 27. Ne2 Rbf8 28. Rdf1 dxe4
29. Rxf7+ Rxf7 30. Bxe4 Nd5 31. Bxd5 exd5 32. Rf1 Bf5 33. Ng3 Re7 34. Qf2 Rf7
35. Nxf5+ gxf5 36. Qf4 Qxf4 37. Rxf4 Kg6 38. Nf1 Re7 39. Kd2 Re4 40. Rxe4 fxe4
41. Ng3 b3 42. Ke3 Kh7 43. Nxh5 Kg6 44. Ng3 Kf7 45. h5 1-0

[Event "Edmonton ch"]
[Site "Edmonton CAN"]
[Date "2011.01.13"]
[Round "1.2"]
[White "Sponga, George"]
[Black "Porper, Edward"]
[Result "0-1"]
[WhiteElo "1762"]
[BlackElo "2517"]
[PlyCount "58"]
[EventDate "2011.01.06"]
[EventType "k.o."]
[EventCountry "CAN"]

1. f4 c5 2. e4 Nc6 3. Nf3 g6 4. c3 Bg7 5. Be2 d5 6. e5 d4 7. cxd4 cxd4 8. d3
Nh6 9. O-O O-O 10. b3 f6 11. exf6 exf6 12. Nbd2 Ng4 13. Nc4 Re8 14. Rb1 Nb4 15.
h3 Nxa2 16. Bd2 Nh6 17. g4 b5 18. Na3 a6 19. Kf2 Qd6 20. Nc2 Nc3 21. Bxc3 dxc3
22. Qc1 Bxg4 23. hxg4 Nxg4+ 24. Ke1 Rxe2+ 25. Kxe2 Re8+ 26. Ne5 fxe5 27. f5 e4
28. d4 Qh2+ 29. Ke1 Bh6 0-1